عرض عادي
عرض مارك
- COMPUTERS / System Administration / Linux & UNIX Administration.
مدخل مصطلح موضوعي
001 - رقم الضبط
- حقل الضبط: 41844
003 - معرف رقم الضبط
- حقل الضبط: OSt
005 - تاريخ ووقت أخر عملية
- حقل الضبط: 20140108183858.0
008 - عناصر بيانات ثابتة الطول
- حقل تحكم ثابت الطول: 140108|||a|||||| | ||| d
040 ## - مصدر الفهرسة
- هيئة الفهرسة الأصلية: OSt
- وكالة الكتابة: OSt
150 ## - مدخل-- مصطلح تاريخي
- عنصر مدخل المصطلح الموضوعي او الاسم الجغرافي: COMPUTERS / System Administration / Linux & UNIX Administration.
670 ## - بيانات المصدر موجوده
- الاستشهاد بالمصدر: Work cat.: (OSt)0: Soyinka, Wale. 38083, Linux administration :, 2012.
